| 000 | 00583nam a22001817a 4500 | ||
|---|---|---|---|
| 999 |
_c19352 _d19352 |
||
| 003 | AR-CdUCM | ||
| 008 | 190517b ||||| |||| 00| 0 spa d | ||
| 040 |
_aMUNICIPALIDAD PROVINCIAL DEL CUSCO _cBIBLIOTECA MUNICIPAL DEL CUSCO |
||
| 082 |
_a301.4 / _bH27 |
||
| 100 |
_aHawley, Amos H. _940644 |
||
| 245 | _aEcología Humana / | ||
| 260 |
_aMadrid : _bTecnos, _c1975. |
||
| 300 |
_a433 páginas ; _c24 cm. |
||
| 505 | _aEcología y ecología humana -- El agregado humano -- La organización ecológica. | ||
| 650 |
_aEcología humana. _914285 |
||
| 942 |
_2ddc _cLIBROS |
||
| 945 | _awfj | ||